| 000 | 00000nam##2200000za#4500 |
| 001 | 9.616837 |
| 003 | CaOODSP |
| 005 | 20200327144328 |
| 007 | ta |
| 008 | 150406|2004||||xxc||||| f|0| 0 eng|d |
| 022 | |a0706-6457 |
| 040 | |aCaOODSP|beng |
| 043 | |an-cn--- |
| 086 | 1 |aFs97-6/2526E |
| 110 | 1 |aCanada. |bDepartment of Fisheries and Oceans. |
| 245 | 10|aAnnotated bibliography of habitat association of juvenile demersal fish in offshore shelf waters from Newfoundland, the Gulf of St. Lawrence, and the Maritimes Region / |cby J.E. Linehan. |
| 260 | |aOttawa - Ontario : |bFisheries and Oceans Canada |c2004. |
| 300 | |aiv, 54p. : |bfigs., references, tables ; |c28 cm. |
| 490 | 1 |aCanadian technical report of fisheries and aquatic sciences|x0706-6457|v2526 |
| 500 | |a"Science, Oceans and Environment Branch, Fisheries and Oceans Canada, P.O. Box 5667, St. John's NL, Canada A1C 5X1".--Cover. |
| 546 | |a(Résumé en français.) |
| 563 | |aSoftcover |
| 590 | |a04-16|b2004-04-16 |
| 690 | 07|aTechnical reports|2gcpds |
| 720 | 1 |aLinehan, J. E. |
| 776 | 0#|tAnnotated bibliography of habitat associations of juvenile demersal fish in offshore shelf waters from Newfoundland, the Gulf of St. Lawrence, and the Maritimes region / |w(CaOODSP)9.574108 |
| 830 | #0|aCanadian technical report of fisheries and aquatic sciences,|x0706-6457|v2526|w(CaOODSP)9.514691 |